| 000 | 00521nam a2200181 a 4500 | ||
|---|---|---|---|
| 001 | 10143 | ||
| 005 | 20180713194207.0 | ||
| 008 | 140415s1990 mx 000 0 spa d | ||
| 020 | _a9686037446 | ||
| 041 | _aspa | ||
| 082 |
_a657.45 _bLOE |
||
| 100 | 1 | _aLOEBBECKER, JAMES K. | |
| 245 | 1 | 3 | _aLA EXPERIENCIA DEL AUDITOR CON IRREGULARIDADES IMPORTANTES |
| 250 | _a1a ed. | ||
| 260 |
_aMEXICO : _bINSTITUTO MEXICANO DE CONTADORES PUBLICOS, _c1990 |
||
| 300 |
_a45 _c16 x 0.3 x 22 |
||
| 650 | 1 | 4 | _aAUDITORIA |
| 999 |
_c10143 _d10143 |
||